000 00378nam a22001577a 4500
003 MACL
005 20151129123225.0
008 151129b xxu||||| |||| 00| 0 eng d
040 _cMACL
041 _aEnglish
082 _a920
100 _aDr.Sharma,C.P.
_918661
245 _aThe Builder of Modern India Jawaharlal Nehru
650 _aBiography
_918662
942 _2ddc
_cBK
999 _c51345
_d51345